000 00787nam a22001937a 4500
005 20231229140906.0
010 _aB-756269-271
020 _a9789354355059
_c599.00
035 _aB-756269-271
037 _aBloomsbury Publishing India Pvt. Ltd
082 _aS
100 _aBanerjee,Aditi
_960436
245 _aThe vow of Parvati/
_cAditi Banerjee
260 _aNew Delhi
_bBloomsbury Publishing India Pvt. Ltd
_c2022
270 _aSecond Floor, LSC Building No. 4 DDA Complex Pocket C-6 & 7, Vasant Kunj
_bNew Delhi
_e110070
300 _a251p.
_c20cm(Pbk)
942 _2ddc
_cEN
_hS
_mBAN
999 _c199409
_d199409